| 000 | 00928nam a2200253 i 4500 | ||
|---|---|---|---|
| 001 | bg | ||
| 245 | 0 | 0 |
_aIstroart 2007 : _bcopy - paste / _cprekl. Viera Levitt ; [kurator wystawy, aranż. wystawy, projekt katalogu Waldemar Idzikowski ; zdj. Katarzyna Wielgosz]. |
| 260 |
_aPoznań : _bGaleria Sztuki Współczesnej Profil, _c2007. |
||
| 300 |
_a[12] s. : _bfot. ; _c26 cm. |
||
| 500 | _aKatalog wydany przy udziale finansowym Akademii Sztuk Pięknych w Poznaniu ze środków na działalność statutową Wydziału Architektury i Wzornictwa. | ||
| 650 | 4 | _aSztuka współczesna | |
| 650 | 4 | _aKatalogi wystaw | |
| 700 | 1 |
_aIdzikowski, Waldemar. _eAranż. |
|
| 700 | 1 |
_aWielgosz, Katarzyna. _bFot. |
|
| 020 | _a9788361090007 | ||
| 040 | _cBPK | ||
| 041 | _apol | ||
| 044 | _aPOL | ||
| 080 | _a73/77 | ||
| 080 | _a(083.824) | ||
| 920 | _a978-83-61090-00-7 | ||
| 942 | _cKS | ||
| 008 | 120324s2007 pl |000 0 pol | ||
| 999 |
_c49853 _d49853 |
||
| 856 |
_uhttp://koha.tu.koszalin.pl/cgi-bin/koha/opac-detail.pl?biblionumber=49853 _yKatalog online BPK |
||